[Event "DM Kort Paaske 2 Grp1 2025"]
[Site "Svendborg"]
[Date "2025.04.19"]
[Round "5"]
[White "Jacobsen, Samuel Bro"]
[Black "Lilja, Richard"]
[Result "0-1"]
[WhiteElo "1877"]
[BlackElo "2055"]
[WhiteFideId "1480740"]
[BlackFideId "1403109"]
[EventDate "2025.04.17"]
[EventType "swiss"]
[EventRounds "5"]
[EventCountry "DEN"]
[SourceTitle "Live v. Kasper Jerwiarz"]

1. e4 d6 2. d4 Nf6 3. Nc3 Nbd7 4. Be3 e5 5. Nf3 Be7 6. Bc4 c6 7. a4 h6 8. h3 Qc7 9. Bb3 Nf8 10. Qd2 Ng6 11. O-O O-O 12. a5 Re8 13. Rfd1 Bf8 14. dxe5 dxe5 15. Qc1 Nh5 16. Rd2 Nhf4 17. Qd1 Bb4 18. a6 b6 19. Ne1 Qe7 20. Nd3 Bxc3 21. bxc3 Qg5 22. Bxf4 exf4 23. Kh1 Rxe4 24. Nb4 Nh4 25. f3 Re8 26. Nxc6 Be6 27. Nd4 Bxb3 28. cxb3 Re3 29. Qc2 Rae8 30. Rg1 Qa5 31. b4 Qxa6 32. Nf5 Nxf5 33. Qxf5 Rxc3 34. Rd7 Qc4 35. Kh2 Qe6 36. Qxe6 Rxe6 37. Rb1 Rc2 38. Rxa7 Ree2 39. Rg1 Rb2 40. Ra4 g5 41. Ra8+ Kg7 42. Ra7 Kg6 43. Kh1 f6 44. h4 Rxb4 45. hxg5 hxg5 46. Rc1 Rbb2 47. Rc8 Rxg2 48. Rg8+ Kf5 49. Rf8 Rgc2 50. Ra1 Rf2 51. Rd1 Rxf3 52. Kg1 Rg3+ 53. Kf1 Rh3 54. Kg1 f3 0-1

[Event "DM Kort Paaske 2 Grp1 2025"]
[Site "Svendborg"]
[Date "2025.04.19"]
[Round "5"]
[White "Aagaard, Gert"]
[Black "Vergara, Adam"]
[Result "0-1"]
[WhiteElo "2016"]
[BlackElo "1906"]
[WhiteFideId "1427024"]
[BlackFideId "1434624"]
[EventDate "2025.04.17"]
[EventType "swiss"]
[EventRounds "5"]
[EventCountry "DEN"]
[SourceTitle "Live v. Kasper Jerwiarz"]

1. d4 Nf6 2. Nf3 d5 3. c4 e6 4. Nc3 Be7 5. e3 O-O 6. Be2 c5 7. O-O cxd4 8. Nxd4 a6 9. b3 dxc4 10. Bxc4 b5 11. Be2 Bb7 12. Bf3 Nd5 13. Bb2 Bf6 14. Ne4 Be7 15. Rc1 Qb6 16. Qe2 Nd7 17. Ng3 Rac8 18. Be4 N7f6 19. Bb1 Ba8 20. Nh5 g6 21. Ng3 Qb7 22. f3 Rfd8 23. Kh1 Bf8 24. Ne4 Qe7 25. Nxf6+ Nxf6 26. b4 Bd5 27. a3 Bc4 28. Bd3 Bxd3 29. Qxd3 Rxc1 30. Rxc1 e5 31. Nc6 Rxd3 32. Nxe7+ Bxe7 33. Bxe5 Rxe3 34. f4 Rxa3 35. Rc8+ Kg7 36. g4 h6 37. Re8 Bxb4 38. g5 hxg5 39. fxg5 Bc3 40. gxf6+ Kh6 41. Bf4+ Kh5 42. Re3 Ra1+ 43. Kg2 Bxf6 44. Rh3+ Kg4 45. Bd2 Ra2 46. Rd3 Be5 47. h3+ Kf5 48. Kf3 a5 49. Rd5 b4 50. Be1 Ra3+ 0-1

[Event "DM Kort Paaske 2 Grp1 2025"]
[Site "Svendborg"]
[Date "2025.04.19"]
[Round "5"]
[White "Molvig, Henrik"]
[Black "Ravikumar, Hanesh"]
[Result "1-0"]
[WhiteElo "2060"]
[BlackElo "1919"]
[WhiteFideId "1402625"]
[BlackFideId "1481878"]
[EventDate "2025.04.17"]
[EventType "swiss"]
[EventRounds "5"]
[EventCountry "DEN"]
[SourceTitle "Live v. Kasper Jerwiarz"]

1. d4 d5 2. c4 e6 3. Nc3 Nf6 4. Bg5 Be7 5. e3 O-O 6. Nf3 dxc4 7. Bxc4 a6 8. O-O b5 9. Bb3 Bb7 10. Qe2 Nbd7 11. Rfd1 Rc8 12. Rac1 Nb6 13. Bc2 Nfd5 14. Bxe7 Qxe7 15. Ne4 Nd7 16. Nc5 Nxc5 17. dxc5 Rfd8 18. Bb1 c6 19. a3 a5 20. Nd2 Nf6 21. Ne4 Nxe4 22. Bxe4 g6 23. b4 Qc7 24. f4 Ra8 25. Rxd8+ Rxd8 26. Rd1 axb4 27. axb4 Kg7 28. g4 h6 29. Rd2 Kg8 30. Kg2 Qe7 31. Kg3 f5 32. Bf3 g5 33. Qd1 Rxd2 34. Qxd2 Qc7 35. Qd4 Qe7 36. Qe5 fxg4 37. Bxg4 gxf4+ 38. Qxf4 Kg7 39. Qe5+ Qf6 40. Qxe6 Qxe6 41. Bxe6 Kf6 42. Bd7 Ke5 43. Kf3 Ba8 44. Bc8 Kf6 45. Kf4 Ke7 46. e4 Kd8 47. Bf5 Bb7 48. e5 Ke7 49. Kg4 Kf7 50. Kh5 Kg7 51. h3 Ba6 52. Bd7 Bb7 53. h4 Ba8 54. Bc8 Kf7 55. Kxh6 Ke7 56. Kg7 Ke8 57. h5 Ke7 58. h6 Kd8 59. Bf5 Bb7 60. h7 Ke7 61. h8=Q Bc8 62. Qf8# 1-0

[Event "DM Kort Paaske 2 Grp1 2025"]
[Site "Svendborg"]
[Date "2025.04.19"]
[Round "5"]
[White "Schjodt, Niels Chr"]
[Black "Granum, Mathias"]
[Result "1/2-1/2"]
[WhiteElo "2050"]
[BlackElo "2062"]
[WhiteFideId "1407430"]
[BlackFideId "1484265"]
[EventDate "2025.04.17"]
[EventType "swiss"]
[EventRounds "5"]
[EventCountry "DEN"]
[SourceTitle "Live v. Kasper Jerwiarz"]

1. d4 d5 2. Nf3 Nf6 3. c4 e6 4. g3 dxc4 5. Bg2 Bb4+ 6. Bd2 a5 7. O-O O-O 8. Bg5 h6 9. Bxf6 Qxf6 10. a3 Bd6 11. Nbd2 b5 12. a4 c6 13. Ne4 Qe7 14. Nxd6 Qxd6 15. e4 Ra7 16. Qc2 Na6 17. e5 Qc7 18. Qe4 Nb4 19. Rfd1 Nd5 20. Rac1 Ba6 21. Nd2 Rd8 22. Bf1 Qd7 23. Qf3 Nb6 24. Ne4 Nxa4 25. b3 Nb2 26. Rd2 Nd3 27. Bxd3 cxd3 28. Rxd3 b4 29. Rdd1 Qd5 30. Rc5 Qd7 31. Nd6 Bb5 32. Ra1 a4 33. bxa4 Rxa4 34. Qd1 Rda8 35. Rxa4 Rxa4 36. Kg2 Ra3 37. Qc2 Ba4 38. Qb2 Rb3 39. Qd2 Qa7 40. h4 Qa6 41. Qf4 Rb1 42. Qxf7+ Kh7 43. Rc4 c5 44. d5 exd5 45. Nf5 Qg6 46. Qxg6+ Kxg6 47. Ne7+ Kf7 48. Nxd5 Ke6 49. Rxc5 b3 50. Nc3 Rc1 51. Nxa4 b2 52. Rb5 b1=Q 53. Rxb1 Rxb1 54. f4 Rc1 55. Kf3 h5 56. Nb6 Rc3+ 57. Kf2 Rc6 58. Na4 Kf5 59. Ke3 Rc4 60. Nb6 Rc3+ 61. Kd4 Rxg3 62. Nd5 Rg1 63. Kc5 Kg4 64. e6 Re1 65. e7 Kxh4 66. Kd6 Kg3 67. Nc7 h4 68. Ne6 h3 69. e8=Q h2 70. Qg6+ Kf2 71. Qc2+ Re2 72. Qc1 Kg2 73. Nd4 Rf2 74. Qc6+ Kg1 75. Qc1+ Kg2 76. Qc6+ Kg1 77. Nf3+ Rxf3 78. Qxf3 h1=Q 79. Qe3+ Kh2 80. f5 Qa1 81. Qf4+ Kh3 82. Ke6 Qf6+ 83. Kd5 Qf7+ 1/2-1/2

[Event "DM Kort Paaske 2 Grp1 2025"]
[Site "Svendborg"]
[Date "2025.04.19"]
[Round "5"]
[White "Hansen, Daniel Hoppe"]
[Black "Bjorneboe, Kristian"]
[Result "0-1"]
[WhiteElo "1925"]
[BlackElo "2008"]
[WhiteFideId "1486101"]
[BlackFideId "1424718"]
[EventDate "2025.04.17"]
[EventType "swiss"]
[EventRounds "5"]
[EventCountry "DEN"]
[SourceTitle "Live v. Kasper Jerwiarz"]

1. Nf3 Nf6 2. g3 d5 3. c4 e6 4. Bg2 Be7 5. b3 O-O 6. Bb2 a6 7. O-O b5 8. cxd5 exd5 9. Ne5 Bb7 10. d4 Nbd7 11. Nd3 c5 12. dxc5 Nxc5 13. e3 Ne6 14. Nc3 Qb6 15. Ne2 Ne4 16. Rc1 Rfd8 17. Nd4 a5 18. Ne5 Bf6 19. Nef3 b4 20. Nxe6 fxe6 21. Bxf6 gxf6 22. Qd4 Qd6 23. Qb2 Nc3 24. Rxc3 bxc3 25. Qxc3 Kf7 26. Qd3 Kg7 27. Nd4 Ba6 28. Qf5 exf5 29. Nxf5+ Kf7 30. Nxd6+ Rxd6 31. Rd1 Rad8 32. Rd4 Bb5 33. Bh3 Rc6 34. Bf5 h6 35. Kg2 Rcd6 36. Rh4 d4 37. exd4 Bc6+ 38. Kf1 Rxd4 39. Rxh6 Bf3 0-1

[Event "DM Kort Paaske 2 Grp1 2025"]
[Site "Svendborg"]
[Date "2025.04.19"]
[Round "5"]
[White "Jacobsen, Jonathan Roed Gundorf"]
[Black "Hesselberg, Leif"]
[Result "1-0"]
[WhiteElo "1945"]
[BlackElo "1955"]
[WhiteFideId "1461044"]
[BlackFideId "1504061"]
[EventDate "2025.04.17"]
[EventType "swiss"]
[EventRounds "5"]
[EventCountry "DEN"]
[SourceTitle "Live v. Kasper Jerwiarz"]

1. d4 Nf6 2. c4 e6 3. Nc3 d5 4. Nf3 c6 5. Bg5 Be7 6. e3 Nbd7 7. Bd3 O-O 8. O-O a6 9. a4 h6 10. Bh4 dxc4 11. Bxc4 Nd5 12. Bxe7 Qxe7 13. e4 Nxc3 14. bxc3 c5 15. e5 b6 16. Nd2 Bb7 17. f4 cxd4 18. cxd4 Bd5 19. Bxd5 exd5 20. f5 Qb4 21. Nf3 Rac8 22. Rb1 Qc3 23. Qc1 Qd3 24. Qf4 Rc4 25. Rbe1 Nc5 26. Re3 Qc2 27. f6 g5 28. Nxg5 hxg5 29. Qxg5+ Qg6 30. Qxg6+ fxg6 31. dxc5 Re4 32. Rxe4 dxe4 33. cxb6 1-0